| 000 | 01089nas a2200277 4500 | ||
|---|---|---|---|
| 001 | BR8603029 | ||
| 003 | BR-BrBNA | ||
| 005 | 20231205090523.0 | ||
| 007 | ta | ||
| 008 | 230509b bl.|||p| |||| 00| 00por d | ||
| 040 |
_aBR-BrBNA _bpor _cBiblioteca Nacional de Agricultura |
||
| 041 | _a(Pt) | ||
| 072 | _aF04; F61 | ||
| 100 | 1 | _aCamargo, A.H.A. | |
| 100 | 1 | _aSantos, G.L. dos | |
| 245 | 1 |
_aEfeito da altura de corte e doses de nitrogenio sobre as reservas de glicidios, desenvolvimento radicunar e numeros de afilhos da Setaria anceps Stapf cv. Kazungula _bParte de dissertacao |
|
| 246 | 1 |
_aThe effects of height of clipping and nitrogen levels on carbohydrate reserves, root development and tillering of Setaria anceps Stapf cv. Kazungula _bPart of dissertation |
|
| 650 | _aSETARIA | ||
| 650 | _aNITROGENIO | ||
| 650 | _aADUBACAO | ||
| 650 | _aCORTE | ||
| 650 | _aCRESCIMENTO | ||
| 773 | 0 |
_tRevista do Centro de Ciencias Rurais (Brazil) _xISSN 0085-5901 _g(Oct-Dec 1985), v. 15(4) p. 379-388 _wBR8603029 |
|
| 909 |
_a202311 _bLúcia _c55 _dLúcia Elande |
||
| 942 |
_2AGRIS _n0 _cANA |
||
| 999 |
_c119013 _d119013 |
||